Fr. Conceicao Rodrigues College of Engineering

Programming with Java:A Primer (Record no. 28709)

MARC details
000 -LEADER
fixed length control field 00353nam a2200181Ia 4500
082 ## - DEWEY DECIMAL CLASSIFICATION NUMBER
Item number BAL
100 ## - MAIN ENTRY--PERSONAL NAME
Personal name Balagurusamy/E
250 ## - EDITION STATEMENT
Edition statement 4
245 ## - TITLE STATEMENT
Title Programming with Java:A Primer
260 ## - PUBLICATION, DISTRIBUTION, ETC.
Name of publisher, distributor, etc. MC Graw-Hill Pub
Date of publication, distribution, etc. 2010
366 ## - TRADE AVAILABILITY INFORMATION
Publishers's discount category 25
300 ## - PHYSICAL DESCRIPTION
Extent 454
546 ## - LANGUAGE NOTE
Language note ENGLISH
650 ## - SUBJECT ADDED ENTRY--TOPICAL TERM
Topical term or geographic name entry element Java
654 ## - SUBJECT ADDED ENTRY--FACETED TOPICAL TERMS
Focus term java
942 ## - ADDED ENTRY ELEMENTS (KOHA)
Koha item type BOOK
Holdings
Withdrawn status Lost status Damaged status Not for loan Collection Home library Current library Date acquired Source of acquisition Cost, normal purchase price Inventory number Total Checkouts Total Renewals Full call number Barcode Date last seen Date last checked out Cost, replacement price Price effective from Koha item type Date due
        CRC Fr. Agnel's C.Rodrigues College of Engineering AGNEL TECHNICAL COLLEGE LIBRARY 17/03/2023 Allied Publishers 202.50 3415 dt 10/03/2010 4   BAL 20444 01/08/2025 01/08/2025 270.00   BOOK 11/08/2025
        CRC Fr. Agnel's C.Rodrigues College of Engineering AGNEL TECHNICAL COLLEGE LIBRARY 17/03/2023 Allied Publishers 202.50 3415 dt 10/03/2010 2   BAL 20445 21/07/2025 21/07/2025 270.00   BOOK 31/07/2025
        CRC Fr. Agnel's C.Rodrigues College of Engineering Fr. Agnel's C.Rodrigues College of Engineering 17/03/2023 Allied Publishers 202.50 3415 dt 10/03/2010 6 2 BAL 20442 12/12/2025 21/08/2025 270.00   BOOK  
        CRC Fr. Agnel's C.Rodrigues College of Engineering Fr. Agnel's C.Rodrigues College of Engineering 17/03/2023 Allied Publishers 202.50 3415 dt 10/03/2010     BAL 20443 17/03/2023   270.00   BOOK